Northern Ireland Office (Record no. 120083)

MARC details
000 -LEADER
fixed length control field 00720cam a2200181 4500
001 - CONTROL NUMBER
control field WS118800
008 - FIXED-LENGTH DATA ELEMENTS--GENERAL INFORMATION
fixed length control field 020712n 000 0 eng u
035 ## - SYSTEM CONTROL NUMBER
System control number (Sirsi) u118800
110 ## - MAIN ENTRY--CORPORATE NAME
Corporate name or jurisdiction name as entry element Northern Ireland Office
9 (RLIN) 659
245 ## - TITLE STATEMENT
Title Northern Ireland Office
520 ## - SUMMARY, ETC.
Summary, etc. Web site for this government department which supports the Secretary of State for Northern Ireland who retains responsibility for constitutional and security issues as they relate to Northern Ireland following devolution.
650 ## - SUBJECT ADDED ENTRY--TOPICAL TERM
Topical term or geographic name entry element GOVERNMENT
650 ## - SUBJECT ADDED ENTRY--TOPICAL TERM
Topical term or geographic name entry element NORTHERN IRELAND
650 ## - SUBJECT ADDED ENTRY--TOPICAL TERM
Topical term or geographic name entry element TELECOMMUNICATIONS
650 ## - SUBJECT ADDED ENTRY--TOPICAL TERM
Topical term or geographic name entry element Valuation
9 (RLIN) 6273
856 40 - ELECTRONIC LOCATION AND ACCESS
Uniform Resource Identifier <a href="https://www.nio.gov.uk">https://www.nio.gov.uk</a>
Public note View the website free of charge at www.nio.gov.uk...
942 ## - ADDED ENTRY ELEMENTS (KOHA)
Suppress in OPAC 0
Holdings
Withdrawn status Lost status Source of classification or shelving scheme Damaged status Not for loan Home library Current library Shelving location Date acquired Total Checkouts Full call number Barcode Date last seen Copy number Price effective from Koha item type
    Dewey Decimal Classification     Virtual Virtual Online 12/07/2002   WEB SITE 118800-2001 06/08/2019 1 06/08/2019 Online material